[Event "AUTO-OPEN-389"]
[Site "http://www.queenalice.com/game.php?id=106578"]
[Date "2006.9.16"]
[Round "1"]
[White "Meckerkopp"]
[Black "ferrierd"]
[Result "0-1"]
[WhiteElo "1538"]
[BlackElo "1774"]

1. d4 Nf6 2. Nc3 d5 3. Bg5 Nbd7 4. f3 e6 5. e4 Be7 6. exd5 exd5 7. Bd3 h6 8.
Bxf6 Nxf6 9. a3 O-O 10. Nge2 c5 11. b4 c4 12. O-O cxd3 13. Qxd3 a6 14. Rfe1 Qd6
15. Na4 b6 16. Ng3 g6 17. c4 dxc4 18. Qe3 Re8 19. Rad1 Kg7 20. Nc3 Bb7 21. Nge4
Nxe4 22. fxe4 Bg5 23. Qh3 Qf4 24. Rf1 Qe3+ 25. Qxe3 Bxe3+ 26. Kh1 Rad8 27. d5
Rd6 28. Rf3 Bg5 29. g3 Bc8 30. Rdf1 Rf6 31. Rxf6 Bxf6 32. Rc1 Bxc3 33. Rxc3 Rxe4
34. d6 Bh3 35. Kg1 b5 36. d7 Rd4 37. a4 Bxd7 38. a5 Rd3 39. Rc1 Be6 40. Re1 Rd2
41. Rc1 Rb2 0-1

[Event "AUTO-OPEN-389"]
[Site "http://www.queenalice.com/game.php?id=106579"]
[Date "2006.9.16"]
[Round "1"]
[White "ferrierd"]
[Black "Meckerkopp"]
[Result "1-0"]
[WhiteElo "1759"]
[BlackElo "1538"]

1. e4 e5 2. Nf3 f6 3. Bc4 c6 4. Nc3 Bb4 5. a3 Bxc3 6. dxc3 Qe7 7. O-O d6 8. b4
a6 9. a4 Be6 10. Be2 Nd7 11. Be3 h6 12. Nh4 Nf8 13. Bh5+ Kd7 14. Qf3 g5 15. Nf5
Bxf5 16. Qxf5+ Ne6 17. Rfd1 Kc7 18. c4 Ng7 19. Qg4 Nxh5 20. Qxh5 b6 21. a5 bxa5
22. Rxa5 d5 23. Bc5 Qd7 24. exd5 cxd5 25. Rxd5 Qe6 26. Rd6 Qxc4 27. Qd1 Rh7 28.
Bb6+ Kb7 29. Bc5 Rc7 30. c3 Ne7 31. Qf3+ e4 32. Qxf6 Nc6 33. h3 Nxa5 34. Rb6+
Kc8 35. Qf8+ Kd7 36. Rd6# 1-0

[Event "THE FLASH GAME"]
[Site "http://www.queenalice.com/game.php?id=109575"]
[Date "2006.9.25"]
[Round "-"]
[White "GMTHUNDERCAT"]
[Black "ferrierd"]
[Result "1-0"]
[WhiteElo "1777"]
[BlackElo "1773"]

1. e4 c5 2. Nf3 d6 3. d4 cxd4 4. Nxd4 Nf6 5. Nc3 g6 6. Bb5+ Bd7 7. Be3 Bg7 8.
Bxd7+ Qxd7 9. f3 O-O 10. Qe2 Nc6 11. O-O-O Rac8 12. g4 Rfe8 13. h4 h5 14. g5 Nh7
15. f4 Nb4 16. f5 Nf8 17. Rhf1 Rxc3 18. bxc3 Nxa2+ 19. Kb2 Nxc3 20. Kxc3 Qc7+
21. Qc4 Qa5+ 22. Kd3 Nd7 23. fxg6 Ne5+ 24. Ke2 Nxc4 25. gxf7+ Kh7 26. g6+ Kxg6
27. fxe8=Q+ 1-0

[Event "cha cha play every day"]
[Site "http://www.queenalice.com/game.php?id=109769"]
[Date "2006.9.26"]
[Round "-"]
[White "ferrierd"]
[Black "kokkieschaak"]
[Result "0-1"]
[WhiteElo "1786"]
[BlackElo "1717"]

1. d4 d5 2. c4 e6 3. Nc3 c5 4. e3 Nc6 5. Nf3 Nf6 6. cxd5 Nxd5 7. Qa4 Nxc3 8.
bxc3 Be7 9. Ne5 Bd7 10. Nxd7 Qxd7 11. Bb5 O-O 12. O-O cxd4 13. cxd4 Rfc8 14. Bb2
a6 15. Bd3 Qd5 16. Rac1 b5 17. Qc2 Nb4 18. Bxh7+ Kf8 19. Qe4 Rxc1 20. Rxc1 Nxa2
21. Qxd5 exd5 22. Ra1 Nb4 23. Bf5 g6 24. Bd7 Nc2 25. Rc1 Nb4 26. Rc3 Ra7 27. Bg4
a5 28. Ba3 Na2 29. Bxe7+ Kxe7 30. Rc5 Rb7 31. Be2 b4 32. Rxa5 b3 33. Bd3 b2 34.
h3 b1=Q+ 35. Bxb1 Rxb1+ 36. Kh2 Nc3 37. g4 Rb2 38. Kg1 Nd1 39. Rxd5 Nxf2 0-1

[Event "Challenge"]
[Site "http://www.queenalice.com/game.php?id=110006"]
[Date "2006.9.26"]
[Round "-"]
[White "deiviti2007"]
[Black "ferrierd"]
[Result "0-1"]
[WhiteElo "1113"]
[BlackElo "1616"]

1. e4 e5 2. Nf3 Nc6 3. Bc4 Nf6 4. Ng5 Bc5 5. Nxf7 Qe7 6. Nxh8 Bxf2+ 7. Kxf2
Nxe4+ 8. Ke3 Qh4 9. g3 Nxg3 10. Qe1 Qf4+ 11. Kd3 Qd4# 0-1

[Event "AUTO-INT-186"]
[Site "http://www.queenalice.com/game.php?id=110251"]
[Date "2006.9.26"]
[Round "1"]
[White "CampbellMarcel"]
[Black "ferrierd"]
[Result "0-1"]
[WhiteElo "1664"]
[BlackElo "1732"]

1. e4 d6 2. Nf3 Nf6 3. Bc4 Nc6 4. O-O g6 5. d3 Bg7 6. Bxf7+ Kxf7 7. Bg5 Rf8 8.
Nh4 Kg8 9. f4 Bg4 10. Qe1 Nh5 11. h3 Bd4+ 12. Kh2 Qd7 13. hxg4 Qxg4 14. g3 Bxb2
15. Nc3 Bxa1 16. Nd5 Bf6 17. Nxf6+ exf6 18. Nxg6 fxg5 19. e5 gxf4 20. Nxf4 Nxe5
21. Nxh5 Qxh5+ 22. Kg2 Rxf1 23. Qxf1 Rf8 24. Qg1 Qf3+ 25. Kh3 Rf5 0-1

[Event "AUTO-INT-186"]
[Site "http://www.queenalice.com/game.php?id=110252"]
[Date "2006.9.26"]
[Round "1"]
[White "ferrierd"]
[Black "CampbellMarcel"]
[Result "1-0"]
[WhiteElo "1734"]
[BlackElo "1607"]

1. d4 Nf6 2. g4 Nxg4 3. e4 d5 4. Be2 h5 5. f3 Nf6 6. e5 Nfd7 7. Nc3 c6 8. Bf4 e6
9. Qd2 Na6 10. a3 c5 11. O-O-O c4 12. Nh3 f6 13. exf6 Nxf6 14. Bg5 Be7 15. Nf4
Bd7 16. Ng6 Rh7 17. Rhg1 Qc7 18. Nxe7 Kxe7 19. Bf4 Qa5 20. Be5 Nb4 21. Qf4 Nc6
22. Bd6+ Kd8 23. Rg5 Ne8 24. Qf8 Kc8 25. f4 Nd8 26. Be5 b5 27. Qc5+ Bc6 28. Rdg1
Kb7 29. Bxh5 Qb6 30. Qe7+ Nc7 31. Rxg7 Rxg7 32. Rxg7 Rc8 33. Rg8 Ka6 34. Rxd8
Rxd8 35. Qxd8 1-0

[Event "AUTO-INT-186"]
[Site "http://www.queenalice.com/game.php?id=110267"]
[Date "2006.9.26"]
[Round "1"]
[White "paulouk"]
[Black "ferrierd"]
[Result "0-1"]
[WhiteElo "1421"]
[BlackElo "1616"]

1. c4 e5 2. a3 Nf6 3. f3 d5 4. e3 Bd6 5. cxd5 Nxd5 6. Qa4+ Nc6 7. Bd3 Qg5 8. g4
Qh4+ 9. Kd1 h5 10. Bc4 Nb6 11. Qb3 Nxc4 12. Qxc4 Be6 13. Qe4 Qf2 14. Nc3 Bb3+
0-1

[Event "AUTO-INT-186"]
[Site "http://www.queenalice.com/game.php?id=110268"]
[Date "2006.9.26"]
[Round "1"]
[White "ferrierd"]
[Black "paulouk"]
[Result "1-0"]
[WhiteElo "1714"]
[BlackElo "1438"]

1. Nf3 d5 2. d4 h6 3. e3 Nf6 4. Nbd2 Bg4 5. h3 Bh5 6. Bd3 e6 7. O-O Bd6 8. Re1
Bb4 9. c3 Ba5 10. Qa4+ Nc6 11. Ne5 O-O 12. Nxc6 bxc6 13. Qxa5 Bg6 14. e4 Nh5 15.
Nf3 dxe4 16. Bxe4 Bxe4 17. Rxe4 Nf6 18. Rh4 Qd6 19. Bxh6 gxh6 20. Rxh6 Nh7 21.
Qh5 1-0

[Event "AUTO-INT-186"]
[Site "http://www.queenalice.com/game.php?id=110279"]
[Date "2006.9.26"]
[Round "1"]
[White "ferrierd"]
[Black "jcbraga"]
[Result "0-1"]
[WhiteElo "1658"]
[BlackElo "1668"]

1. d4 d5 2. c4 dxc4 3. e4 b5 4. Nc3 c6 5. Nf3 Bg4 6. Be2 e6 7. h3 Bh5 8. O-O Nf6
9. Bg5 Be7 10. a3 h6 11. Bh4 Bg6 12. Bxf6 Bxf6 13. e5 Be7 14. Qd2 O-O 15. Kh1
Bg5 0-1

[Event "AUTO-INT-186"]
[Site "http://www.queenalice.com/game.php?id=110280"]
[Date "2006.9.26"]
[Round "1"]
[White "jcbraga"]
[Black "ferrierd"]
[Result "1-0"]
[WhiteElo "1651"]
[BlackElo "1682"]

1. e4 c5 2. Nf3 d6 3. d4 cxd4 4. Nxd4 Nf6 5. Nc3 g6 6. Bc4 Bg7 7. Be3 O-O 8. Qd3
Nbd7 9. O-O-O Nc5 10. Qd2 a6 11. Nb3 Ncxe4 12. Nxe4 Nxe4 13. Qe2 e6 14. Rhe1 b5
15. Bd3 1-0

[Event "Challenge"]
[Site "http://www.queenalice.com/game.php?id=120243"]
[Date "2006.10.23"]
[Round "-"]
[White "ferrierd"]
[Black "Alan"]
[Result "0-1"]
[WhiteElo "1697"]
[BlackElo "1844"]

1. d4 d5 2. Nf3 Bf5 3. c4 e6 4. Nc3 Nf6 5. e3 Bb4 6. Be2 O-O 7. O-O Nc6 8. Nh4
Bg6 9. a3 Bxc3 10. bxc3 Ne4 11. Nxg6 fxg6 12. Qc2 Qf6 13. f3 Nd6 14. cxd5 exd5
15. Rb1 b6 16. c4 dxc4 17. Bxc4+ Nxc4 18. Qxc4+ Kh8 19. Bb2 Rac8 20. d5 Ne5 21.
Qe4 Rce8 22. f4 Ng4 23. Qxe8 Rxe8 24. Bxf6 gxf6 25. h3 Nxe3 0-1

[Event "Challenge"]
[Site "http://www.queenalice.com/game.php?id=120394"]
[Date "2006.10.23"]
[Round "-"]
[White "Joe_Boyd"]
[Black "ferrierd"]
[Result "1-0"]
[WhiteElo "1685"]
[BlackElo "1753"]

1. e4 c5 2. Nf3 d6 3. d4 cxd4 4. Nxd4 Nf6 5. Bd3 Qb6 6. Bb5+ Nc6 7. Nc3 Bd7 8.
Be3 Qc7 9. Nxc6 Bxc6 10. Bxc6+ bxc6 11. O-O g6 12. Rb1 Bg7 13. f3 O-O 14. Ne2
Rfd8 15. c4 Rab8 16. a4 1-0

[Event "Challenge"]
[Site "http://www.queenalice.com/game.php?id=121996"]
[Date "2006.10.26"]
[Round "-"]
[White "RobertD"]
[Black "ferrierd"]
[Result "1-0"]
[WhiteElo "1729"]
[BlackElo "1721"]

1. e4 c5 2. f4 d6 3. Bb5+ Bd7 4. Bxd7+ Nxd7 5. Nf3 Ngf6 6. d3 Qc7 7. Nc3 g6 8.
b3 Bg7 9. Bb2 O-O 10. O-O a6 11. Rb1 e6 12. Ne2 Rfe8 13. h3 e5 14. fxe5 dxe5 15.
Nc3 1-0